| 000 | 00401pab a2200145 454500 | ||
|---|---|---|---|
| 008 | 180718b2004-2005 xxu||||| |||| 00| 0 eng d | ||
| 100 | _aMoore, William B. | ||
| 245 | _aWhere is your risk? Identifying potential failure points in support organizations | ||
| 260 | _c2004-2005 | ||
| 300 | _ap.12-16. | ||
| 362 | _aWinter | ||
| 650 | _aOrganizations | ||
| 773 | _aPublic Manager | ||
| 909 | _a65582 | ||
| 999 |
_c65582 _d65582 |
||